Particle modeling
Αποθηκεύτηκε σε:
| Κύριος συγγραφέας: | |
|---|---|
| Μορφή: | Βιβλίο |
| Γλώσσα: | English |
| Δημοσίευση: |
Boston :
Birkhauser,
c1997
|
| Σειρά: | Modeling and simulation in science, engineering & technology
|
| Θέματα: | |
| Ετικέτες: |
Προσθήκη ετικέτας
Δεν υπάρχουν, Καταχωρήστε ετικέτα πρώτοι!
|
MARC
| LEADER | 00000nam a2200000 i 4500 | ||
|---|---|---|---|
| 001 | 1/74009 | ||
| 008 | 080208s1997 eng d | ||
| 020 | |a 0-8176-3985-3 (hbk) | ||
| 020 | |a 3-7643-3985-3 | ||
| 035 | |l 10094530 | ||
| 040 | |a GR-MY-UA |b gre |e aacr | ||
| 041 | 0 | |a eng | |
| 082 | 0 | |a 531.110113 |2 (22) | |
| 100 | 1 | |a Greenspan, Donald. | |
| 245 | 1 | 0 | |a Particle modeling / |c Donald Greenspan |
| 260 | |a Boston : |b Birkhauser, |c c1997 | ||
| 300 | |a ix, 274 σ.; |b εικ.; |c 24 εκ. | ||
| 490 | 1 | |a Modeling and simulation in science, engineering & technology | |
| 504 | |a Βιβλιογραφία: σ. [237]-250. Ευρετήριο | ||
| 650 | 0 | 0 | |a Science |x Computer simulation. |
| 650 | 0 | 0 | |a Technology |x Computer simulation. |
| 650 | 0 | 0 | |a Differential equations |x Numerical solutions. |
| 650 | 0 | 0 | |a Initial value problems |x Numerical solutions. |
| 830 | 0 | |a Modeling and simulation in science, engineering & technology | |
| 852 | |a INST |b SYROS |e 20080208 |h 531.110113 GRE |p 005500006556 |q 005500006556 |t BK |y 0 | ||
| 901 | |a BIBL5-2008-1 | ||
| 909 | |a Ε |b 133476 | ||
| 922 | |a 5ΕΛΗ |b 200709 |c ΒΙΒΛΙΟΘΗΚΗ ΣΥΡΟΥ |d GLORYBOOK | ||
| 970 | |a ΚΑΓΙΑΒΑ |b ΕΙΡΗΝΗ |z 2008/02/08 | ||